| 000 | 00694cab a2200229 4500 | ||
|---|---|---|---|
| 001 | ABS48164 | ||
| 008 | 090401t1993 xxu||||| |||| 00| 0 eng d | ||
| 035 | _a(Sirsi) u65298 | ||
| 041 | _aeng | ||
| 100 | _aHaynes, T. | ||
| 245 | _aConsult the experts on accessibility | ||
| 260 | _c1993 | ||
| 350 | _a0 | ||
| 490 |
_aArchitect and Surveyor _v68(2) March 1993, 14-17(4) |
||
| 520 | _aDescribes how involvement of disabled users of buildings can have a positive effect on the design and construction process. Diagrams. | ||
| 650 | _aACCESS | ||
| 650 | _aDISABLED PEOPLE | ||
| 650 | _aPARKING | ||
| 690 | _aBUILT ENVIRONMENT-CONSTRUCTION DESIGN | ||
| 942 | _n0 | ||
| 948 | _c04/03/1997 | ||
| 999 |
_c40721 _d40721 |
||